[Event "ICS rated blitz match"]
[Site "204.178.125.65"]
[Date "2001.10.02"]
[Round "?"]
[White "Sjeng"]
[Black "Hossa"]
[Result "1/2-1/2"]
[WhiteElo "2671"]
[BlackElo "2563"]
[PlyCount "284"]
[EventDate "2001.??.??"]

1. d4 d5 2. c4 e6 3. Nc3 Nf6 4. Nf3 dxc4 5. e4 b5 6. e5 Nd5 7. Nxb5 c6 8. Nc3
Ba6 9. Bg5 Qa5 10. Bd2 Bb4 11. Qc2 Nd7 12. Ne4 O-O 13. Bxc4 Bxc4 14. Qxc4 Bxd2+
15. Nfxd2 N7b6 16. Qd3 Nb4 17. Qb1 Qb5 18. a4 Nxa4 19. Ra3 Nd5 20. Rb3 Qa5 21.
O-O Nab6 22. Nf3 Nc8 23. Nc5 Qd8 24. Rb7 Ncb6 25. Qc1 Qc8 26. Ng5 h6 27. Nge4
Qd8 28. Nd3 Qh4 29. Re1 Qg4 30. b3 Rfd8 31. f3 Qh4 32. Qxc6 Nb4 33. Qc7 Rd7 34.
Qxd7 Nxd7 35. Rxb4 Qd8 36. Rc1 Nb6 37. Rc6 Qd7 38. Rd6 Qc8 39. Nec5 Qe8 40. Nf2
h5 41. Nfe4 h4 42. Nd3 Kh7 43. Ndc5 Kg6 44. Nc3 Qc8 45. Rb5 Qc7 46. N3e4 Rc8
47. b4 Rb8 48. Ra5 h3 49. gxh3 Rh8 50. Nd3 Qb8 51. Rb5 Qe8 52. Rc5 Qa4 53. Nef2
Qa2 54. d5 Nc4 55. Rxc4 Qxc4 56. dxe6 fxe6 57. Rxe6+ Kf7 58. Rd6 Ke8 59. Rg6
Qf7 60. Rc6 Rh5 61. f4 Rh7 62. Rc8+ Kd7 63. Rc2 Kd8 64. Rc6 Qh5 65. Rd6+ Ke8
66. Re6+ Kf8 67. Rc6 Qe8 68. Rc4 Qg6+ 69. Kh1 a6 70. Rc1 Ke7 71. Rc7+ Kd8 72.
Rc4 Rh6 73. Rd4+ Ke8 74. Rd6 Qh5 75. Rxh6 Qxh6 76. Kg2 Qc6+ 77. Kg3 Kf8 78. f5
Qd5 79. h4 Qd4 80. h3 Qe3+ 81. Kg4 Qb6 82. Kf3 Qd8 83. Nf4 Qd7 84. Kg4 Qd4 85.
N2d3 Kf7 86. h5 Qg1+ 87. Kh4 Ke8 88. e6 Kd8 89. Nd5 Qd4+ 90. N3f4 Qg1 91. e7+
Kd7 92. Ne6 Qf2+ 93. Kg4 Qg2+ 94. Kh4 Qe4+ 95. Kg3 Qe5+ 96. Kg4 Qe2+ 97. Kg5
Qg2+ 98. Kf4 Qf2+ 99. Kg4 Qg2+ 100. Kf4 Qf2+ 101. Ke4 Qc2+ 102. Ke3 Qc1+ 103.
Kf2 Qd2+ 104. Kg3 Qd3+ 105. Kf4 Qd2+ 106. Kg3 Qd3+ 107. Kg4 Qd1+ 108. Kh4 Qg1
109. h6 Qf2+ 110. Kg4 Qg2+ 111. Kf4 Qf2+ 112. Ke4 Qg2+ 113. Kd4 Qg1+ 114. Ne3
gxh6 115. f6 Qa1+ 116. Ke4 Qxf6 117. Nc5+ Ke8 118. Nd5 Qh4+ 119. Kd3 Qxh3+ 120.
Kd4 Qh4+ 121. Ne4 Kf7 122. Kd3 Qh3+ 123. Kc4 Qh2 124. Nef6 Qc2+ 125. Kd4 Qf2+
126. Kc3 Qe1+ 127. Kc2 Qe2+ 128. Kb1 Qd1+ 129. Kb2 Qd2+ 130. Kb1 Qd3+ 131. Kc1
Qa3+ 132. Kd1 Qf3+ 133. Ke1 Qg3+ 134. Kd1 Qd3+ 135. Ke1 Qg3+ 136. Kd1 Qd3+ 137.
Kc1 Qa3+ 138. Kd2 Qb2+ 139. Kd1 Qb1+ 140. Kd2 Qb2+ 141. Kd1 Qb1+ 142. Kd2 Qb2+
{Game drawn by repetition} 1/2-1/2

[Event "ICS rated blitz match"]
[Site "204.178.125.65"]
[Date "2001.10.02"]
[Round "?"]
[White "Hossa"]
[Black "Tinker"]
[Result "1-0"]
[WhiteElo "2568"]
[BlackElo "2453"]
[PlyCount "79"]
[EventDate "2001.??.??"]

1. e4 e5 2. Nf3 Nc6 3. Bb5 a6 4. Bxc6 dxc6 5. O-O f6 6. d4 Bg4 7. dxe5 Qxd1 8.
Rxd1 fxe5 9. Rd3 Bd6 10. Nbd2 Nf6 11. Nc4 Bxf3 12. gxf3 Rf8 13. Nxd6+ cxd6 14.
Rxd6 Ke7 15. Rd3 Rad8 16. Be3 Rxd3 17. cxd3 Rf7 18. Kg2 Nh5 19. Rd1 Nf4+ 20.
Bxf4 Rxf4 21. d4 exd4 22. Rxd4 Rf6 23. h4 b6 24. e5 Rg6+ 25. Rg4 Kf7 26. Rxg6
Kxg6 27. f4 Kf5 28. Kf3 c5 29. h5 b5 30. Ke3 g6 31. hxg6 hxg6 32. a4 bxa4 33.
Kd3 g5 34. fxg5 Kxe5 35. f4+ Ke6 36. Kc4 Kf5 37. g6 Kf6 38. Kxc5 a3 39. bxa3
Kg7 40. Kd5 {Tinker resigns} 1-0

[Event "ICS Rated blitz match"]
[Site "204.178.125.65"]
[Date "2001.10.02"]
[Round "?"]
[White "Hossa"]
[Black "QueenMaxima"]
[Result "1-0"]
[WhiteElo "2579"]
[BlackElo "2457"]
[PlyCount "109"]
[EventDate "2001.??.??"]

1. e4 e5 2. Nf3 d5 3. Nxe5 dxe4 4. Bc4 Qg5 5. d4 Qxg2 6. Rf1 Be6 7. Bxe6 fxe6
8. Qe2 Nc6 9. Qb5 O-O-O 10. Nxc6 bxc6 11. Qxc6 Ne7 12. Qxe6+ Kb8 13. Qb3+ Ka8
14. Qg3 Qxg3 15. fxg3 Rxd4 16. Rf7 Nd5 17. b3 Bb4+ 18. Ke2 Rf8 19. Rxf8+ Bxf8
20. Bb2 Rb4 21. c4 Nf6 22. Bxf6 gxf6 23. Nc3 f5 24. Rf1 Bg7 25. Nb5 Kb8 26.
Rxf5 a6 27. Nxc7 Rb6 28. Nd5 Rh6 29. h4 Rg6 30. Rg5 Rxg5 31. hxg5 Bd4 32. Nf6
Kc7 33. Nxe4 Kc6 34. Nf6 h6 35. Ne4 hxg5 36. Nxg5 Be5 37. g4 Kc5 38. Kd3 Bb2
39. Ne4+ Kb4 40. g5 Ka3 41. g6 Bh8 42. c5 Kxa2 43. c6 Be5 44. Nc5 a5 45. Ke4
Bd6 46. g7 Kb2 47. Nd3+ Kxb3 48. g8=Q+ Ka3 49. Qd8 Bc7 50. Qe7+ Kb3 51. Qxc7
Kc2 52. Qh2+ Kb3 53. Qb2+ Kc4 54. c7 a4 55. c8=Q# {QueenMaxima checkmated} 1-0

[Event "ICS rated blitz match"]
[Site "204.178.125.65"]
[Date "2001.10.02"]
[Round "?"]
[White "QueenMaxima"]
[Black "Hossa"]
[Result "0-1"]
[WhiteElo "2446"]
[BlackElo "2590"]
[PlyCount "132"]
[EventDate "2001.??.??"]

1. e4 c5 2. Bc4 e6 3. Nc3 Nc6 4. Nf3 Nf6 5. O-O Nxe4 6. Nxe4 d5 7. d3 dxc4 8.
dxc4 b6 9. Bg5 f6 10. Be3 Qxd1 11. Raxd1 Bb7 12. Nc3 Rd8 13. Rfe1 Nb4 14. Rxd8+
Kxd8 15. Rd1+ Kc8 16. Ne1 Be7 17. a3 Nc6 18. Nd3 Rd8 19. Nb5 a6 20. Nc3 Nd4 21.
Bxd4 Rxd4 22. b3 Rg4 23. Ne1 Bc6 24. Ne2 Re4 25. Kf1 Rh4 26. h3 Kc7 27. f3 e5
28. a4 f5 29. a5 bxa5 30. Nd3 Bd6 31. c3 e4 32. fxe4 fxe4 33. Nb2 Rh6 34. Kf2
Rf6+ 35. Ke3 g5 36. h4 Bf4+ 37. Nxf4 gxf4+ 38. Ke2 Rg6 39. Rg1 Rg3 40. Nd1 e3
41. Kf1 Rxg2 42. Rxg2 Bxg2+ 43. Ke2 Be4 44. Nb2 Kd6 45. h5 h6 46. Nd3 Bxd3+ 47.
Kxd3 Ke5 48. Ke2 Ke4 49. Kf1 f3 50. Ke1 Kd3 51. Kf1 Kd2 52. Kg1 f2+ 53. Kf1 e2+
54. Kxf2 e1=Q+ 55. Kf3 Qe2+ 56. Kg3 Qe5+ 57. Kf2 Qf4+ 58. Kg2 Kxc3 59. Kh1 Qf3+
60. Kh2 Kxb3 61. Kg1 Qe2 62. Kh1 Kxc4 63. Kg1 Kd4 64. Kh1 Ke3 65. Kg1 Kf3 66.
Kh1 Qg2# {QueenMaxima checkmated} 0-1

[Event "ICS Rated blitz match"]
[Site "204.178.125.65"]
[Date "2001.10.02"]
[Round "?"]
[White "Hossa"]
[Black "Sjeng"]
[Result "1-0"]
[WhiteElo "2600"]
[BlackElo "2665"]
[PlyCount "133"]
[EventDate "2001.??.??"]

1. e4 c5 2. Nf3 e6 3. d4 cxd4 4. Nxd4 Nf6 5. Nc3 d6 6. g4 h6 7. Rg1 Nc6 8. h4
h5 9. gxh5 Nxh5 10. Bg5 Nf6 11. Rb1 Be7 12. Be2 Nxd4 13. Qxd4 Bd7 14. Nb5 Bc6
15. Rd1 Nxe4 16. Qxg7 Rf8 17. Qxf8+ Kxf8 18. Bh6+ Ke8 19. Rg8+ Kd7 20. Rxd8+
Rxd8 21. h5 a6 22. Nd4 Rg8 23. Kf1 Bh4 24. Nxc6 bxc6 25. Be3 f5 26. Bxa6 Ra8
27. Bc4 f4 28. Rd4 d5 29. Bc1 e5 30. Rxe4 dxe4 31. a3 Rf8 32. Be2 Kd6 33. Bd1
Bg5 34. a4 e3 35. Bf3 exf2 36. Kxf2 Re8 37. Be4 Bh4+ 38. Ke2 Rh8 39. Bf3 Rb8
40. b3 Bf6 41. Ba3+ c5 42. Kd3 Bg7 43. Kc4 e4 44. Bxe4 Bd4 45. a5 Re8 46. Bf3
Re7 47. c3 Bf2 48. b4 Ra7 49. bxc5+ Ke5 50. c6 Bg1 51. a6 Bb6 52. Bc5 Bxc5 53.
Kxc5 Rf7 54. Kb6 Rf6 55. a7 Rf8 56. c7 Kf5 57. h6 Kg6 58. a8=Q Rxa8 59. Bxa8
Kxh6 60. c8=Q Kg5 61. Qc5+ Kg6 62. Qd6+ Kf7 63. Qxf4+ Kg6 64. Bd5 Kg7 65. Qg5+
Kh7 66. Bf7 Kh8 67. Qh6# {Sjeng checkmated} 1-0

[Event "ICS Rated blitz match"]
[Site "204.178.125.65"]
[Date "2001.10.02"]
[Round "?"]
[White "Sjeng"]
[Black "Hossa"]
[Result "1-0"]
[WhiteElo "2646"]
[BlackElo "2619"]
[PlyCount "143"]
[EventDate "2001.??.??"]

1. d4 d5 2. c4 e6 3. Nf3 Nf6 4. Nc3 Nbd7 5. cxd5 exd5 6. Bg5 c6 7. e3 Bd6 8.
Bd3 O-O 9. Qc2 Qc7 10. O-O h6 11. Bh4 Ng4 12. Bg3 Bxg3 13. hxg3 Ndf6 14. Rac1
Be6 15. Qe2 Qd7 16. Nd2 h5 17. Na4 b6 18. Rc3 Rac8 19. Rfc1 Rfe8 20. b4 Qd6 21.
a3 Bd7 22. Bb1 Ne4 23. Bxe4 dxe4 24. Nb2 h4 25. Nbc4 Qh6 26. gxh4 Qxh4 27. Nf1
Re6 28. g3 Qh3 29. f4 exf3 30. Qxf3 Rh6 31. Ncd2 Re8 32. Qg2 Qh5 33. Re1 Qf5
34. e4 Qh7 35. e5 Rd8 36. Nf3 Rh5 37. N1d2 Re8 38. Nc4 g6 39. Nd6 Rd8 40. b5
cxb5 41. Rc7 Be6 42. Rxa7 Bd5 43. Ne4 Rf5 44. Nh4 Qh5 45. Rc7 Ba8 46. Rc2 Rg5
47. Nf3 Bxe4 48. Rxe4 Rf5 49. Rc6 Ra8 50. e6 fxe6 51. Rcxe6 Rxa3 52. Re8+ Rf8
53. Rxf8+ Kxf8 54. Qf1 Nf6 55. Rf4 Kg7 56. Rxf6 Qd5 57. Rf4 g5 58. Qe1 gxf4 59.
Qe7+ Kh8 60. Qxa3 b4 61. Qd3 Qg8 62. Nd2 fxg3 63. d5 Qg4 64. d6 Qh5 65. Nf3 Qe8
66. d7 Qf8 67. d8=Q Qxd8 68. Qxd8+ Kg7 69. Ne5 b3 70. Qd6 Kh8 71. Qg6 b5 72.
Nf7# {Hossa checkmated} 1-0

[Event "ICS Rated blitz match"]
[Site "204.178.125.65"]
[Date "2001.10.02"]
[Round "?"]
[White "ChesterX"]
[Black "Hossa"]
[Result "1-0"]
[WhiteElo "2794"]
[BlackElo "2604"]
[PlyCount "47"]
[EventDate "2001.??.??"]

1. Nc3 d5 2. e4 dxe4 3. Nxe4 f5 4. Nc3 e5 5. Bc4 Nf6 6. Nf3 Bd6 7. d4 exd4 8.
Qxd4 Nc6 9. Qe3+ Be7 10. O-O Bd7 11. Rd1 Qc8 12. Qe2 Na5 13. Re1 Nc6 14. Nd5
Ne4 15. Nd2 Nd4 16. Qd3 Ne6 17. Nxe7 Kxe7 18. Nxe4 fxe4 19. Qxe4 h6 20. f4 Rf8
21. f5 Rf6 22. Bd2 b5 23. fxe6 Bxe6 24. Bxe6 {Hossa resigns} 1-0

[Event "ICS Rated blitz match"]
[Site "204.178.125.65"]
[Date "2001.10.02"]
[Round "?"]
[White "Hossa"]
[Black "QueenMaxima"]
[Result "1/2-1/2"]
[WhiteElo "2596"]
[BlackElo "2446"]
[PlyCount "63"]
[EventDate "2001.??.??"]

1. e4 e5 2. Bc4 Nf6 3. Nc3 Nxe4 4. Qh5 Nd6 5. Bb3 Be7 6. Nf3 Nc6 7. Nxe5 O-O 8.
Nxc6 dxc6 9. O-O Bf5 10. d3 Bg6 11. Qg4 Re8 12. Be3 Bf5 13. Qf4 Bf6 14. Rfe1
Be5 15. Qg5 h6 16. Qh5 Qc8 17. h3 Qd7 18. Na4 Kh8 19. Bxh6 gxh6 20. Qxh6+ Kg8
21. Qh5 Bd4 22. c3 Bb6 23. Qg5+ Kh8 24. Qh6+ Bh7 25. Rxe8+ Rxe8 26. Nxb6 axb6
27. Qf6+ Kg8 28. Qg5+ Kh8 29. Qf6+ Kg8 30. Qg5+ Kh8 31. Qf6+ Kg8 32. Qg5+ {
Game drawn by repetition} 1/2-1/2

[Event "ICS Rated blitz match"]
[Site "204.178.125.65"]
[Date "2001.10.02"]
[Round "?"]
[White "Hossa"]
[Black "Sjeng"]
[Result "1-0"]
[WhiteElo "2589"]
[BlackElo "2664"]
[PlyCount "215"]
[EventDate "2001.??.??"]

1. d4 Nf6 2. c4 e6 3. Nc3 Bb4 4. e3 c5 5. Nge2 cxd4 6. exd4 O-O 7. a3 Be7 8.
Nf4 d5 9. cxd5 Nxd5 10. Ncxd5 exd5 11. Bd3 Nc6 12. O-O Bg5 13. Re1 Bxf4 14.
Bxf4 Nxd4 15. Bxh7+ Kxh7 16. Qxd4 Kg8 17. Be5 f6 18. Bg3 b6 19. Rac1 Bb7 20.
Rc7 Rf7 21. Rxf7 Kxf7 22. Qg4 Qc8 23. Qe2 Kg8 24. Qh5 Qd7 25. Rd1 Re8 26. Bf4
d4 27. h3 Re4 28. Be3 Re5 29. Qg6 Be4 30. Qg3 d3 31. Re1 Bc6 32. Rc1 Qd5 33.
Qg4 Re6 34. Qg6 Rxe3 35. fxe3 d2 36. Rd1 Ba4 37. b3 Qxb3 38. Rxd2 Qxe3+ 39. Rf2
Kf8 40. Qf5 Qc1+ 41. Rf1 Qxa3 42. Qc8+ Be8 43. Re1 Qa4 44. Qb8 Kf7 45. Qb7+ Qd7
46. Qa6 f5 47. Ra1 Qd4+ 48. Kh1 Bc6 49. Qxa7+ Kg6 50. Qa3 Qe5 51. Rf1 Be4 52.
Kg1 Qd5 53. Qg3+ Kf6 54. Qc3+ Qe5 55. Qd2 Qc5+ 56. Kh1 Ke6 57. Qd8 Qc6 58. Qg8+
Kf6 59. Qf8+ Kg6 60. Kg1 b5 61. Rf2 Qd5 62. Qe7 Qd1+ 63. Kh2 Qd4 64. Re2 b4 65.
g4 Qc3 66. gxf5+ Bxf5 67. Re3 Qd4 68. Rf3 Bc2 69. Qe8+ Kh7 70. Qh5+ Kg8 71.
Qf7+ Kh8 72. Rf4 Qd2+ 73. Rf2 Qd6+ 74. Qf4 Qxf4+ 75. Rxf4 b3 76. Rb4 Kg8 77.
Rb7 Kh7 78. Rb6 Bd1 79. Kg3 g5 80. Kf2 g4 81. h4 Kg7 82. Ke1 Bc2 83. Kd2 g3 84.
Ke2 g2 85. Kf2 Be4 86. Rxb3 Kf6 87. Rg3 Bd5 88. h5 Bb7 89. Ke3 Bc8 90. h6 Bf5
91. Rxg2 Bg6 92. Kf4 Bf5 93. Rg7 Bd3 94. Rd7 Bc2 95. h7 Bxh7 96. Rxh7 Ke6 97.
Ke4 Kd6 98. Rh5 Kc6 99. Rd5 Kb6 100. Ke5 Kc6 101. Ke6 Kc7 102. Rd6 Kc8 103. Rd7
Kb8 104. Kd6 Kc8 105. Re7 Kb8 106. Kc6 Ka8 107. Kb6 Kb8 108. Re8# {
Sjeng checkmated} 1-0

[Event "ICS Rated blitz match"]
[Site "204.178.125.65"]
[Date "2001.10.02"]
[Round "?"]
[White "Sjeng"]
[Black "Hossa"]
[Result "1-0"]
[WhiteElo "2645"]
[BlackElo "2608"]
[PlyCount "164"]
[EventDate "2001.??.??"]

1. d4 d5 2. c4 e6 3. Nf3 c6 4. Nc3 dxc4 5. a4 Bb4 6. e3 b5 7. Bd2 Ba6 8. axb5
cxb5 9. b3 Bxc3 10. Bxc3 cxb3 11. Rxa6 Nxa6 12. Bxb5+ Kf8 13. Bxa6 Rb8 14. O-O
Nf6 15. Nd2 Qc7 16. Qa1 Nd5 17. Bc4 Nxc3 18. Qxc3 b2 19. Rb1 a5 20. Rxb2 Rxb2
21. Qxb2 Ke7 22. d5 Rd8 23. Qxg7 exd5 24. Qg5+ Ke6 25. Bd3 f6 26. Qg4+ Kf7 27.
Bxh7 Qc3 28. Nf1 Ke7 29. Bf5 Kd6 30. Qg7 Qe5 31. Bd3 Qc3 32. Bb5 Qb2 33. Qb7
Qc3 34. Qb6+ Ke7 35. Bc6 Qe5 36. Qa7+ Ke6 37. Qxa5 Rc8 38. Qc5 Rd8 39. f4 Qd6
40. Qc2 Qb4 41. Qg6 Qe7 42. Ba4 Ra8 43. Bb3 Kd6 44. Qf5 Ra5 45. Qc8 Rc5 46.
Qa6+ Rc6 47. Qb5 Rc5 48. Qb6+ Rc6 49. Qa5 Rc5 50. Qa6+ Rc6 51. Qb5 Rc5 52. Qb6+
Rc6 53. Qb4+ Rc5 54. g3 f5 55. Qb8+ Rc7 56. Bc2 Qf6 57. Qb4+ Rc5 58. Bb1 Kc6
59. Bd3 Rc1 60. Qa4+ Kd6 61. Qa3+ Rc5 62. Nd2 Qe7 63. Bxf5 Kc7 64. Qa7+ Kd6 65.
Qb6+ Rc6 66. Qb8+ Rc7 67. Qb6+ Rc6 68. Qb8+ Rc7 69. e4 Kc5 70. Nb3+ Kc4 71.
Na5+ Kc5 72. Nb3+ Kc4 73. Na5+ Kc5 74. e5 Ra7 75. Nb3+ Kc4 76. Qb6 Ra2 77. Na5+
Rxa5 78. Qxa5 Qg7 79. e6 Qe7 80. Kf1 d4 81. Be4 d3 82. Qa4+ Kc3 {Hossa resigns}
1-0

[Event "ICS rated blitz match"]
[Site "204.178.125.65"]
[Date "2001.10.02"]
[Round "?"]
[White "Hossa"]
[Black "QueenMaxima"]
[Result "1-0"]
[WhiteElo "2594"]
[BlackElo "2448"]
[PlyCount "133"]
[EventDate "2001.??.??"]

1. d4 b6 2. c4 e6 3. Nc3 Bb7 4. e4 Bb4 5. e5 c5 6. dxc5 Qc7 7. Bf4 Qxc5 8. Qd3
Ne7 9. a3 Qa5 10. Nge2 Ng6 11. Bg3 h5 12. Qd1 Be7 13. b4 Qa6 14. Nf4 Nxf4 15.
Bxf4 Bc8 16. Be2 h4 17. b5 Qa5 18. Bd2 Bg5 19. Bf3 Nc6 20. O-O Bxd2 21. Qxd2
Bb7 22. bxc6 Bxc6 23. Bxc6 dxc6 24. Qd6 Qc5 25. Qxc5 bxc5 26. Ne4 Ke7 27. Rfb1
Rab8 28. Nxc5 h3 29. Rxb8 Rxb8 30. Rd1 Rb2 31. gxh3 Rc2 32. Rd6 Rc3 33. Rxc6
Rxc4 34. Rc7+ Ke8 35. Nxe6 Rxc7 36. Nxc7+ Kd7 37. Nb5 Ke6 38. Nxa7 Kxe5 39. a4
Kd5 40. h4 Kc5 41. h5 Kb4 42. Nc6+ Kxa4 43. Ne7 Kb4 44. Nf5 g6 45. h6 gxf5 46.
h7 Kc4 47. h4 Kd5 48. h5 f4 49. h6 f6 50. h8=Q Kc5 51. Qxf6 f3 52. Qd6+ Kxd6
53. h7 Ke5 54. Kf1 Ke4 55. Ke1 Kd4 56. Kd2 Kd5 57. Kd3 Ke5 58. Kc4 Ke4 59. Kc5
Kd3 60. Kd5 Ke2 61. Ke4 Kxf2 62. h8=Q Kg2 63. Qg8+ Kf2 64. Qg7 Ke2 65. Qb2+ Kf1
66. Kxf3 Kg1 67. Qg2# {QueenMaxima checkmated} 1-0

[Event "ICS rated blitz match"]
[Site "204.178.125.65"]
[Date "2001.10.02"]
[Round "?"]
[White "Tinker"]
[Black "Hossa"]
[Result "1/2-1/2"]
[WhiteElo "2444"]
[BlackElo "2604"]
[PlyCount "103"]
[EventDate "2001.??.??"]

1. e4 e5 2. Nf3 Nc6 3. Bb5 a6 4. Ba4 Nf6 5. d4 exd4 6. O-O Be7 7. Re1 b5 8. e5
Nxe5 9. Rxe5 d6 10. Re1 bxa4 11. Nxd4 Bd7 12. Qf3 O-O 13. Nc6 Bxc6 14. Qxc6 Re8
15. Nc3 Ng4 16. h3 Ne5 17. Qxa4 Bf6 18. Be3 d5 19. Rad1 c6 20. Bc1 Qc8 21. Qf4
Nc4 22. Na4 Be5 23. Rxe5 Rxe5 24. Nb6 Qe8 25. Nxa8 Qxa8 26. b3 Re4 27. Qc7 Ne5
28. f3 Re2 29. Kf1 Rxc2 30. Qxe5 Rxa2 31. Rd2 Rxd2 32. Bxd2 Qc8 33. b4 h6 34.
Bc3 f6 35. Qd6 Kf7 36. Kf2 Qb7 37. Bd4 h5 38. g3 Qc8 39. h4 Kg6 40. Bc5 Qe8 41.
Qc7 Qe5 42. Qxc6 Qb2+ 43. Kg1 Qc1+ 44. Kh2 Qc2+ 45. Kg1 Qc1+ 46. Kf2 Qb2+ 47.
Ke3 Qc3+ 48. Ke2 Qc2+ 49. Ke1 Qc1+ 50. Kf2 Qb2+ 51. Ke1 Qc1+ 52. Kf2 {
Game drawn by repetition} 1/2-1/2

[Event "ICS rated bullet match"]
[Site "204.178.125.65"]
[Date "2001.10.02"]
[Round "?"]
[White "Tinker"]
[Black "Hossa"]
[Result "0-1"]
[WhiteElo "2417"]
[BlackElo "2374"]
[PlyCount "58"]
[EventDate "2001.??.??"]

1. e4 c5 2. Nf3 d6 3. d4 cxd4 4. Nxd4 Nf6 5. Nc3 a6 6. Bg5 e6 7. f4 Qb6 8. Nb3
Be7 9. Qf3 Qc7 10. O-O-O O-O 11. Qd3 Rd8 12. Qg3 b5 13. Bh6 Ne8 14. Nd4 b4 15.
Nce2 Bb7 16. e5 dxe5 17. fxe5 Qa5 18. Kb1 Nc6 19. Bf4 Bc5 20. Be3 Qc7 21. Rd2
Nxe5 22. Bf4 Bd6 23. Rd1 Rac8 24. Qb3 Bd5 25. Qa4 Ng4 26. Bg5 Nf2 27. Bxd8 Rxd8
28. Qxa6 Nxd1 29. Nb5 Qc5 {Tinker resigns} 0-1

[Event "ICS rated bullet match"]
[Site "204.178.125.65"]
[Date "2001.10.02"]
[Round "?"]
[White "Hossa"]
[Black "Tinker"]
[Result "1-0"]
[WhiteElo "2392"]
[BlackElo "2399"]
[PlyCount "57"]
[EventDate "2001.??.??"]

1. d4 Nf6 2. c4 e6 3. Nc3 Bb4 4. e3 c5 5. Nge2 cxd4 6. exd4 Ne4 7. a3 Nxc3 8.
Nxc3 Bxc3+ 9. bxc3 Nc6 10. Bd3 d6 11. O-O Qh4 12. g3 Qh3 13. Re1 O-O 14. Re4
Bd7 15. Rh4 Qxh4 16. gxh4 Kh8 17. Bd2 Rab8 18. Be3 f5 19. d5 exd5 20. cxd5 Ne7
21. Bf4 Rf6 22. Bg5 Rg6 23. Qf3 h6 24. Re1 Re8 25. Bxf5 Bxf5 26. Rxe7 Rf8 27.
Re8 Rxe8 28. Qxf5 hxg5 29. Qxg6 {Tinker resigns} 1-0

[Event "ICS rated blitz match"]
[Site "204.178.125.65"]
[Date "2001.10.02"]
[Round "?"]
[White "Black-Eyed"]
[Black "Hossa"]
[Result "1-0"]
[WhiteElo "2495"]
[BlackElo "2575"]
[PlyCount "144"]
[EventDate "2001.??.??"]

1. d4 Nf6 2. f4 e6 3. e3 c5 4. Nf3 d5 5. c3 Nc6 6. Bd3 Bd7 7. Nbd2 Ng4 8. Qe2
c4 9. Bc2 Be7 10. Ne5 Ncxe5 11. fxe5 f5 12. e4 dxe4 13. Nxc4 O-O 14. Bxe4 Nf2
15. Qxf2 fxe4 16. Qe2 Bb5 17. b3 Qd5 18. Ne3 Qd7 19. Qg4 Rac8 20. Bd2 Bc6 21.
Rf1 b6 22. a4 Bb7 23. Rf2 Kh8 24. Kf1 Ba6+ 25. Kg1 Rxf2 26. Kxf2 Qc6 27. c4 Rd8
28. Bc3 h6 29. Kg1 Rf8 30. Rd1 Bg5 31. Qe2 Bb7 32. Bb4 Rd8 33. Bd6 Qe8 34. Rf1
Qg8 35. Nd1 Ba8 36. Nc3 e3 37. g3 Re8 38. h4 Bd8 39. Qxe3 Qh7 40. d5 Qc2 41. b4
Qb3 42. Rf7 Qxc4 43. dxe6 Qxe6 44. Rxa7 Bc6 45. b5 Qxd6 46. exd6 Rxe3 47. bxc6
Rxg3+ 48. Kf2 Rxc3 49. c7 Bxc7 50. Rxc7 Rd3 51. d7 Kh7 52. h5 Rd5 53. Ke3 Rd1
54. Ke4 Rd2 55. Ke5 Rd1 56. Ke6 Re1+ 57. Kd6 Rd1+ 58. Kc6 Kg8 59. Rc8+ Kf7 60.
d8=Q Rxd8 61. Rxd8 Kf6 62. Kxb6 Ke7 63. Rd5 Ke6 64. Kc6 Kf7 65. a5 Kf6 66. a6
Ke6 67. a7 Kf6 68. a8=Q g6 69. Qf8+ Ke6 70. Qg8+ Kf6 71. Qxg6+ Ke7 72. Rd7+ Kf8
{Hossa resigns} 1-0

[Event "ICS Rated blitz match"]
[Site "204.178.125.65"]
[Date "2001.10.02"]
[Round "?"]
[White "Tinker"]
[Black "Hossa"]
[Result "1-0"]
[WhiteElo "2486"]
[BlackElo "2560"]
[PlyCount "90"]
[EventDate "2001.??.??"]

1. e4 c5 2. Nf3 d6 3. d4 cxd4 4. Nxd4 Nf6 5. Nc3 a6 6. Be2 e5 7. Nb3 Be7 8. O-O
O-O 9. Be3 Be6 10. Qd2 Nbd7 11. a4 Rc8 12. a5 Qc7 13. Rfd1 Nc5 14. Nxc5 dxc5
15. Nd5 Nxd5 16. exd5 Rfd8 17. Bf3 Bf5 18. Qe2 Qd7 19. Qc4 Qb5 20. Qxb5 axb5
21. d6 Rxd6 22. Rxd6 Bxd6 23. Bxb7 Rc7 24. a6 Bc8 25. Bxc8 Rxc8 26. a7 Ra8 27.
Ra6 Bf8 28. Kf1 f5 29. Ke2 Kf7 30. Bd2 Be7 31. Ba5 c4 32. Bc7 Bc5 33. Bb8 Bd4
34. c3 Bc5 35. Rc6 Be7 36. Rb6 b4 37. cxb4 h6 38. b5 Kg8 39. Rc6 c3 40. bxc3
Rxa7 41. Bxa7 e4 42. b6 Bf6 43. Bb8 Kf7 44. b7 g5 45. Bc7 Bh8 {Hossa resigns}
1-0

[Event "ICS rated blitz match"]
[Site "204.178.125.65"]
[Date "2001.10.02"]
[Round "?"]
[White "Hossa"]
[Black "Black-Eyed"]
[Result "1-0"]
[WhiteElo "2541"]
[BlackElo "2572"]
[PlyCount "147"]
[EventDate "2001.??.??"]

1. Nc3 d5 2. e4 d4 3. Nce2 e5 4. d3 Nc6 5. f4 Bg4 6. h3 Bh5 7. fxe5 Nxe5 8. Bf4
Bd6 9. Qd2 c5 10. g4 Bg6 11. O-O-O Ne7 12. Bg2 f6 13. g5 fxg5 14. Bxg5 O-O 15.
Nf4 Bf7 16. Nd5 Qd7 17. Nxe7+ Bxe7 18. Bxe7 Qxe7 19. Re1 Bxa2 20. b3 a5 21. Kb2
a4 22. Kxa2 axb3+ 23. Kb1 Ra2 24. Re2 Rfa8 25. c4 Ra1+ 26. Kb2 R8a2+ 27. Kxb3
Qe8 28. Qxa2 Rxa2 29. Rxa2 b5 30. Ra5 Qg6 31. Nf3 bxc4+ 32. dxc4 Qxg2 33. Ra8+
Kf7 34. Nxe5+ Kf6 35. Ng4+ Kg5 36. Rh2 Qg3+ 37. Ka4 h5 38. Rf2 hxg4 39. Rf5+
Kg6 40. Ra6+ Kh7 41. Rh5+ Kg8 42. Ra8+ Kf7 43. Rf5+ Ke7 44. Ra7+ Kd6 45. Rd5+
Ke6 46. hxg4 Qe1 47. Ra6+ Kf7 48. Rxc5 Qa1+ 49. Kb5 Qb1+ 50. Ka5 Qe1+ 51. Kb6
Qb1+ 52. Rb5 Qxe4 53. Rf5+ Kg8 54. Rd5 d3 55. Kb5 Qe8+ 56. Kb4 Qe1+ 57. Kb3 d2
58. Rd8+ Kh7 59. Rad6 Qb1+ 60. Ka4 Qa2+ 61. Kb5 Qb3+ 62. Kc5 Qe3+ 63. Kb4 Qe7
64. Kb5 Qb7+ 65. Rb6 Qg2 66. Rd4 Qe2 67. Rbd6 Qe5+ 68. c5 Qe2+ 69. Kb6 d1=Q 70.
Rxd1 Qxg4 71. R1d4 Qe2 72. c6 Qb2+ 73. Kc7 Qh2 74. Kd8 {Black-Eyed resigns} 1-0

[Event "ICS rated blitz match"]
[Site "204.178.125.65"]
[Date "2001.10.02"]
[Round "?"]
[White "Black-Eyed"]
[Black "Hossa"]
[Result "1-0"]
[WhiteElo "2555"]
[BlackElo "2558"]
[PlyCount "122"]
[EventDate "2001.??.??"]

1. d4 d5 2. f4 Nf6 3. Nd2 Nc6 4. e3 Bf5 5. c3 e6 6. Ngf3 Be7 7. Be2 O-O 8. O-O
Ng4 9. Nb3 a5 10. Ne5 Ngxe5 11. fxe5 f6 12. exf6 Rxf6 13. Nd2 Qd7 14. Bb5 Bd6
15. Qe1 Rh6 16. g3 Bh3 17. Rf2 Rh5 18. Bd3 e5 19. Qd1 Bg4 20. Qb3 Bf8 21. e4
exd4 22. exd5 Ne5 23. Be4 dxc3 24. Qxc3 Bd1 25. d6 Bxd6 26. Bd5+ Kh8 27. Bxb7
Rb8 28. Nf3 Nxf3+ 29. Bxf3 Bb4 30. Qc4 Bxf3 31. Rxf3 Bc5+ 32. Be3 Rf5 33. Raf1
Rxf3 34. Rxf3 Bxe3+ 35. Rxe3 Rxb2 36. Re1 h6 37. a3 c5 38. Qe4 Ra2 39. Qa8+ Kh7
40. Qe4+ g6 41. Qf3 Qd4+ 42. Kf1 Qg7 43. h4 c4 44. h5 Qd7 45. Rd1 Qf5 46. hxg6+
Kxg6 47. Rd6+ Kg5 48. Rd5 Ra1+ 49. Ke2 Ra2+ 50. Ke1 Qxd5 51. Qxd5+ Kg6 52. Qxc4
Rh2 53. Qe4+ Kg5 54. Qf4+ Kg6 55. g4 Rh3 56. Qf5+ Kg7 57. Qxa5 Kf6 58. Qb6+ Kf7
59. a4 Kg7 60. a5 Kh7 61. a6 h5 {Hossa resigns} 1-0

[Event "ICS rated blitz match"]
[Site "204.178.125.65"]
[Date "2001.10.02"]
[Round "?"]
[White "Hossa"]
[Black "jumbo"]
[Result "1-0"]
[WhiteElo "2542"]
[BlackElo "2040"]
[PlyCount "29"]
[EventDate "2001.??.??"]

1. e4 c5 2. Nf3 a6 3. c4 d6 4. d4 Bg4 5. dxc5 Bxf3 6. gxf3 dxc5 7. Qxd8+ Kxd8
8. Nc3 e6 9. Be3 Nc6 10. O-O-O+ Kc7 11. Bf4+ Kb6 12. Na4+ Ka5 13. b3 Kb4 14.
Kb2 Ka5 15. Bc7+ {jumbo resigns} 1-0

[Event "ICS rated blitz match"]
[Site "204.178.125.65"]
[Date "2001.10.02"]
[Round "?"]
[White "jumbo"]
[Black "Hossa"]
[Result "0-1"]
[WhiteElo "2038"]
[BlackElo "2544"]
[PlyCount "30"]
[EventDate "2001.??.??"]

1. d4 Nf6 2. Nf3 e6 3. Bf4 c5 4. c3 cxd4 5. cxd4 Bb4+ 6. Nc3 O-O 7. e3 Nd5 8.
Qc2 Qa5 9. Rc1 Nxf4 10. exf4 Qxa2 11. Bd3 f5 12. Ne5 Qd5 13. O-O Qxd4 14. Nb5
Qxf4 15. Qc7 Na6 {jumbo resigns} 0-1

[Event "ICS rated blitz match"]
[Site "204.178.125.65"]
[Date "2001.10.02"]
[Round "?"]
[White "Hossa"]
[Black "jumbo"]
[Result "1-0"]
[WhiteElo "2546"]
[BlackElo "2036"]
[PlyCount "87"]
[EventDate "2001.??.??"]

1. d4 Nf6 2. c4 d6 3. Nf3 g6 4. Nc3 Bg7 5. g3 O-O 6. Bg2 Nbd7 7. O-O e5 8. dxe5
dxe5 9. e4 c6 10. Qd6 Re8 11. Bg5 Bf8 12. Qd2 Qb6 13. Rfd1 Bg7 14. b3 Nc5 15.
Qc2 Bg4 16. h3 Bxf3 17. Bxf3 Ne6 18. Qc1 Rad8 19. Qe3 Nd4 20. Rd3 Nc2 21. Qxb6
axb6 22. Rxd8 Rxd8 23. Rd1 Nd4 24. Kg2 Ra8 25. Be3 Nd7 26. h4 h5 27. Rd2 Nc5
28. Bd1 Nce6 29. Na4 Ra6 30. b4 Bf8 31. b5 cxb5 32. cxb5 Ra5 33. Nxb6 Rxb5 34.
Nd7 Rb1 35. Nxe5 Bd6 36. Bxd4 Nxd4 37. Nxg6 fxg6 38. Rxd4 Bc5 39. Rd2 b6 40.
Bb3+ Kg7 41. Rd7+ Kf6 42. f4 Rb2+ 43. Kh3 Re2 44. Rf7# {jumbo checkmated} 1-0